000 00759nam a2200241 a 4500
001 BRCA_2666
005 20190320203920.0
008 021208s1957----nyua---###---#000-0#eng-u
041 _aeng
044 _anyu
050 4 _aND673.D9
_b.T73 1957
100 1 _aTrapier, Elizabeth du Gué
_97569
245 1 0 _aThe School of Madrid and Van Dyck
_cElizabeth Trapier du Gué.
260 _aNew York
_bThe Hispanic Society of America
_c1957
300 _ap. 265-273
_bil.
_c31 cm.
500 _aReproducido de la revista de Burlington, agosto 1957
500 _aRevista inventariada por Banco de México como libro
500 _aA123
600 1 4 _aDyck, Anthonis van
_d1599-1641
_97570
650 1 4 _aPintores flamencos
_97571
902 _aGFM
942 _2lcc
_cB
999 _c2406
_d2406